000 00785nam a22002297a 4500
003 UA-OsUOA
001 43059
007 ta
008 20090509b un ||||| |||| 00| 0 ukr d
090 _a82(477)
_bС48
942 _cBK
040 _aUA-OsUOA
_bukr
_cUA-OsUOA
_dUA-OsUOA
245 _aCлово
_bЛітература, мистецтво, критика, мемуари, документи
300 _a400 с.
955 _a4
041 _aukr
080 _a82(477)
260 _aН.-Й.
_bОб'єднання Українських письменників в екзилі
_c1964
246 3 1 _aЗбірник українських письменників в екзилі
_nЧ.2
650 7 _a82 Література. Літературознавство
_2UDC
999 _c441533
_d441533